Memoria leída por Juan Chicote y González en el... acto de recibir la investidura de doctor en Farmacia. (Record no. 48240)

MARC details
000 -LEADER
campo de control de longitud fija 00831nam a22002055i 4500
001 - NÚMERO DE CONTROL
campo de control 48240
003 - IDENTIFICADOR DE NÚMERO DE CONTROL
campo de control ES-MaACL
005 - FECHA Y HORA DE LA ÚLTIMA TRANSACCIÓN
campo de control 20230906161722.0
007 - CAMPO FIJO DE DESCRIPCIÓN FÍSICA--INFORMACIÓN GENERAL
campo de control de longitud fija t|
008 - DATOS DE LONGITUD FIJA--INFORMACIÓN GENERAL
campo de control de longitud fija 950711s1861 sp ||||1| spa d
080 ## - NÚMERO DE LA CLASIFICACIÓN DECIMAL UNIVERSAL
Número de la Clasificación Decimal Universal 615.21
100 1# - ENTRADA PRINCIPAL--NOMBRE DE PERSONA
Nombre de persona Chicote y González, Juan.
9 (RLIN) 38499
245 10 - MENCIÓN DEL TÍTULO
Título Memoria leída por Juan Chicote y González en el... acto de recibir la investidura de doctor en Farmacia.
260 ## - PUBLICACIÓN, DISTRIBUCIÓN, ETC.
Lugar de publicación, distribución, etc. Madrid :
Nombre del editor, distribuidor, etc. [s.n.],
Fecha de publicación, distribución, etc. 1861 (
Fabricante M. Minuesa)
300 ## - DESCRIPCIÓN FÍSICA
Extensión 16 p. ;
Dimensiones 24 cm.
594 ## - Nota al título y mención de responsabilidad
Nota al título y mención de responsabilidad Tít. de la memoria: Examen comparativo de los opios exóticos e indígenas, esponiendo [sic] los medios mas conducentes para propagar el cultivo y asegurar la preferencia del nuestro en el comercio.
650 #4 - PUNTO DE ACCESO ADICIONAL DE MATERIA--TÉRMINO DE MATERIA
Término de materia o nombre geográfico como elemento de entrada Opio.
9 (RLIN) 176111
740 02 - ENTRADA AGREGADA--TÍTULO RELACIONADO/ANALÍTICO NO CONTROLADO
Título relacionado o analítico no controlado Examen comparativo de los opios exóticos e indígenas.
852 4# - LOCALIZACIÓN
Ubicación ES-MaACL
Número de control de estantería T-63-F-11
Holdings
Estatus retirado Estado de pérdida Estado de daño No para préstamo Colección Biblioteca de origen Biblioteca actual Ubicación en estantería Fecha de adquisición Fuente de adquisición Total de préstamos Signatura topográfica completa Código de barras Visto por última vez Precio de reemplazo Tipo de ítem Koha
        Colección de folletos Biblioteca del Ateneo de Madrid Biblioteca del Ateneo de Madrid Depósito folletos 17/01/2008     T-63-F-11 1050770 23/02/2023 23/02/2023 Folleto